000 00790nam a22002171i 4500
005 20210815082631.0
008 210815s2021 ilu |||g ||| 000 0 eng d
020 _a9781735974880
_cRM 71.90
040 _aPPAK
_beng
_cPPAK
_erda
082 0 4 _223
_a362.1962414
090 0 0 _a362.1962414
_bUNA
_dG
110 2 _aUnapologetic Voice House.
_eissuing body.
245 0 0 _aInspiring True Stories of Everyday Heroes From the Frontlines of #COVID-19 /
_cUNAPOLOGETIC VOICE HOUSE.
264 1 _aChicago :
_bThe Unapologetic Voice House LLC,
_c2021
336 _2rdacontent
_atext
337 _2rdamedia
_aunmediated
338 _2rdacarrier
_avolume
650 1 0 _aCOVID-19 (Disease)
_xSocial aspects
_zUnited States.
650 1 0 _aCOVID-19 (Disease)
_zUnited States
_vAnecdotes.
942 _2ddc
_cB
999 _c184661
_d184661